000 00833nam a22002655i 4500
001 vtls000834974
003 PNM
005 20210805113708.0
008 170807s2017 my g 000 d may
020 _a9789674606244
_qpaperback
_cRM33.00
040 _aBNM
_beng
_cBNM
_erda
_dPPAK
082 0 4 _a899.23209
_223
090 0 0 _a899.23209
_bMAN
_dG
100 0 _aMana Sikana,
_d1945-
_eauthor
245 1 4 _aDI ATAS PENTAS DRAMA MELAYU PASCAMODEN /
_cMANA SIKANA
264 1 _aKuala Lumpur :
_bINSTITUT TERJEMAHAN & BUKU MALAYSIA BERHAD,
_c2017
300 _a326 pages :
_c23 cm
336 _atext
_2rdacontent
337 _aunmediated
_2rdamedia
338 _avolume
_2rdacarrier
504 _6Bibliography : Pages 311 - 326.
650 1 0 _aMalay drama
_xHistory and criticism
650 2 0 _aMalay drama
_zMalaysia
942 _2ddc
_cB
999 _c162565
_d162565